000 00302nam a22001337a 4500
008 170519b xxu||||| |||| 00| 0 eng d
020 _ax000h4mdtb
041 _aeng
080 _a94
100 _a16
101 _aSHH
245 _aA HISTORY O FRENCH FILMMAKING
_cWILLIAMS.A
942 _2udc
_cBK
999 _c13590
_d13590